000 00959 a2200169 4500
020 _a007069172X (paperback)
020 _a9780070691728 (paperback)
090 _c5309
_d5309
100 1 _aWeihrich.
245 1 0 _aManagement :
_ba global perspective :
_btest bank /
_cWeihrich.
250 _a10th edition ed.
260 _a[S.l.] :
_bMcGraw Hill Higher Education,
_c1993.
300 _a201 p.
520 _aA revision of one of the classic management textbooks, the Tenth Edition features a new pronounced emphasis on global management. The research and examples have been thoroughly updated to reflect he most current developments in the field. MANAGEMENT continues to offer a five-functions approach, an integrative systems model, and a wealth of provocative cases, including a new part-ending case on the global automotive industry.
856 4 0 _3Amazon.com
_uhttp://www.amazon.com/exec/obidos/ASIN/007069172X/chopaconline-20
942 _aNBS
_cBK
_k658 WEI
999 _c347722
_d347722